LEADER 01231nam a2200265 u 4500 001 000000090733 003 CaOOAMICUS 005 20070226124744.0 008 051217s1957 it u000 u ita u 035 $a11073176 040 $aPUL(R)$bita 041 1 $aita$hger 100 1 $aMöbus, Gerhard.$0(OLS)http://pul/name/58665 240 10$aAbenteuer der Schwachen.$lItaliano.$0(OLS)http://pul/title/117157 245 12$aL'avventura dei deboli :$bsviluppo ed educazione dei bambini nell'età dei giochi e della scuola /$cdi Gerardo Möbus. 260 $a[Roma] :$bEdizioni Paoline,$c1957. 300 $a286 p. ;$c18 cm 490 1 $aPsychologica (Edizioni Paoline) ;$v46-47 650 4$aAdolescenti$xPedagogia.$0(OLS)http://pul/subject/29299 830 0$aPsychologica (Edizioni Paoline) ;$v46-47.$0(OLS)http://pul/title/13681 850 $aPUL 852 $aPUL$W1$xDP1 Fondo Pastorale$y55$mP19 F 43$j114449$nBK-PRI$b $qFondi$B114449$CPULBib$Z2$F114449 $HPUL298 $81 941 1 $a1 996 $6245$aL'avventura dei deboli :$bsviluppo ed educazione dei bambini nell'età dei giochi e della scuola$9(OLS)http://pul/title/117158 996 $6260$a[Roma] :$bEdizioni Paoline$9(OLS)http://pul/publisher/51006 LEADER 01564nam a2200313 a 4500 001 000000151982 003 CaOOAMICUS 005 20160524130143.0 008 160524s2015 it d u000 u ita r 020 $a978-88-213-1182-6* 032 $aLibriCat 040 $aPUL$bita 082 04$a370 100 1 $aEmad, Samir Matta.$0(OLS)http://pul/name/96706 245 10$aEducare valutando :$bla dimensione educativa del processo valutativo /$cSamir Matta Emad. 260 $aRoma :$bLAS,$c©2015. 300 $a146 p. :$bgrafici ;$c24 cm. 490 1 $aPubblicazioni della Facoltà di scienze dell'educazione dell'Università Pontificia salesiana di Roma. Enciclopedia delle scienze dell'educazione ;$v130 504 $aInclude riferimenti bibliografici. 650 14$aEducazione$xAspetti scientifici e tecnici.$0(OLS)http://pul/subject/28541 830 0$aPubblicazioni della Facoltà di scienze dell'educazione dell'Università Pontificia salesiana di Roma.$pEnciclopedia delle scienze dell'educazione ;$v130.$0(OLS)http://pul/title/3064 850 $aPUL 852 $aPUL$W1$xSL Diritto e Scienze Sociali 3$y79$m370 MATSA 1$j174669$qDDC 21$B177224$CPULBib$Z2$F177224 $H127783 $81 941 1 $a9 996 $6020$a978-88-213-1182-6*$9(OLS)http://pul/number/160444 996 $6082$a370$9(OLS)http://pul/classification/497 996 $6245$aEducare valutando :$bla dimensione educativa del processo valutativo$9(OLS)http://pul/title/191312 996 $6260$aRoma :$bLAS$9(OLS)http://pul/publisher/48069